000 00472nam a22001817a 4500
003 NUST - PNEC
005 20170116181135.0
008 151007b xxu||||| |||| 00| 0 eng d
020 _a034075897X
040 _cLIBRARY
082 _a629.132 ESH
100 _914272
_aEshelby, Martin E.
245 _aAircraft performance : theory and practice
_cMartin E.Eshelby
250 _a-
260 _c2000
650 _914273
_aAirplanes--Performance
_xME
942 _2ddc
_cBK
999 _c70212
_d70212